000 00284nam a22001337a 4500
008 180119b xxu||||| |||| 00| 0 eng d
020 _a9781556231889
041 _aeng
080 _a941
100 _a16
101 _aHIS
245 _aTotal Quality
_cIrwin, R.D
942 _2udc
_cBK
999 _c40562
_d40562